| 000 | 00433pab a2200181 454500 | ||
|---|---|---|---|
| 008 | 180718b2002 xxu||||| |||| 00| 0 eng d | ||
| 100 | _aSaxena, Archana | ||
| 245 | _aIndian Women: nutrition and health | ||
| 260 | _c2002 | ||
| 300 | _ap.3-7. | ||
| 362 | _aJun | ||
| 650 | _aHealth services - India | ||
| 650 | _aNutrition - India | ||
| 650 | _aWomen - India | ||
| 650 | _aWomen | ||
| 773 | _aSocial Welfare | ||
| 909 | _a52625 | ||
| 999 |
_c52625 _d52625 |
||